COCKTAIL - Statistiques

Statistiques générales
  • Ce quiz a été pris 108 fois
  • Le résultat moyen est 4 sur 12
Statistiques - réponses
Par images Réponse % Correct
Piña Colada
84%
Pornstar Martini
64%
Blue Lagoon
60%
Margarita
58%
Negroni
40%
Tequila Sunrise
33%
Daiquiri
22%
Bramble
11%
Gin Basil Smash
9%
Paloma
5%
Aviation Cocktail
2%
Stinger
0%
Aucun quiz correspondant
Distribution des résultats
% des personnes avec chaque résultat
Percentile par nombre de réponses
Votre historique - résultats
Vous n’avez pas pris ce quiz